00473nam a2200145Ia 4500008004100000041000800041082001800049100001800067245003200085260003800117300002400155365000700179999001500186952012600201240624s9999 xx 000 0 und d aeng a343.05248 SEE aSEETHAPATHI K aFOREIGN EXCHANGE MANAGEMENT c2003aHyderabadbICFAI University a192 : p. : cm. ; 25 cRS c2865d2865 00104070aIMTNbIMTNcRack 14-Bd2005-12-09eICFAIg300.00o343.05248 SEEp2865r2024-06-24 00:00:00t1w2024-06-24yBK